00470 a2200193 4500260001000000630003900010650002600049100001800075260001100093245004500104300001000149650004200159260000900201300000900210100000700219440002000226037001200246020001800258 aParis a33 - Economie - Economie politique a3 - SCIENCES SOCIALES aPenouil, Marc bDalloz aSocio-économie du sous-développement a683p. aTiers-Monde : économie : sociologie c1979 b18cm lFr aPrécis Dalloz aDE 5635 a2-247-00020-7